000 00529nam a2200169 i 4500
001 94883
003 ES-MaACL
005 20230906181557.0
007 t|
008 050517s1942 sp ||||1| spa d
100 1 _aLucini, Manuel.
_974586
245 1 0 _aLecciones sobre teoría de la mecánica y sus aplicaciones /
_cpor Manuel Lucini: prólogo del ingeniero Mario Viane.
260 _aBarcelona :
_bLabor,
_c1942.
300 _aXX, 662 p. ;
_c22 cm.
700 1 _aViane, Mario.
_9114285
852 _aES-MaACL
_jF-15880
_bR.20535
999 _c94883
_d94883